| 000 | 00710nam a2200193Ia 4500 | ||
|---|---|---|---|
| 003 | GCL | ||
| 008 | 140319s9999 xx 000 0 ara d | ||
| 040 |
_aGCL / _cGCL |
||
| 082 | 0 | 4 |
_a658.31 _bب ج |
| 100 | 1 | _aسامى حسن الفرس (مترجم) | |
| 245 | 1 | 0 |
_aالجودة فى العمل: دليلك الشخصى لتأسيس وتطبيق معايير الجودة الكلية / _cسامى حسن الفرس (مترجم) |
| 700 | 1 | _aناصر محمد العديلى | |
| 700 | 1 | _aبون، ديان | |
| 700 | 1 | _aجريجز، بك | |
| 490 |
_aافاق الادارة والاعمال _v0 |
||
| 650 | 0 | 4 | _aادارة الافراد |
| 650 | 0 | 4 | _aالكفاية الانتاجية |
| 942 |
_2ddc _cBK |
||
| 999 |
_c42520 _d42520 |
||